<?xml version="1.0" encoding="UTF-8"?>
<record
    xmlns:xsi="http://www.w3.org/2001/XMLSchema-instance"
    xsi:schemaLocation="http://www.loc.gov/MARC21/slim http://www.loc.gov/standards/marcxml/schema/MARC21slim.xsd"
    xmlns="http://www.loc.gov/MARC21/slim">

  <leader>03460nam a2200565Ia 4500</leader>
  <controlfield tag="001">4333</controlfield>
  <controlfield tag="008">241029s9999    xx            000 0 und d</controlfield>
  <datafield tag="010" ind1=" " ind2=" ">
    <subfield code="a">4076</subfield>
  </datafield>
  <datafield tag="041" ind1=" " ind2=" ">
    <subfield code="a">Espa&#xF1;ol</subfield>
  </datafield>
  <datafield tag="082" ind1=" " ind2=" ">
    <subfield code="a">MGC.14-037</subfield>
  </datafield>
  <datafield tag="245" ind1=" " ind2="0">
    <subfield code="a">Incidencia de la gesti&#xF3;n del director en la aplicaci&#xF3;n de proyecto educativo de centro en la Escuela  Federico Garc&#xED;a Godoy del Distrito Educativo 06- 04 de la Vega Oeste,durante el A&#xF1;o Escolar 2013-2014</subfield>
  </datafield>
  <datafield tag="260" ind1=" " ind2=" ">
    <subfield code="a">Santiago</subfield>
  </datafield>
  <datafield tag="300" ind1=" " ind2=" ">
    <subfield code="a">127</subfield>
  </datafield>
  <datafield tag="520" ind1=" " ind2=" ">
    <subfield code="a">5</subfield>
  </datafield>
  <datafield tag="630" ind1=" " ind2=" ">
    <subfield code="a">Administraci&#xF3;n de Proyectos</subfield>
  </datafield>
  <datafield tag="630" ind1=" " ind2=" ">
    <subfield code="a">Calidad Educativa</subfield>
  </datafield>
  <datafield tag="630" ind1=" " ind2=" ">
    <subfield code="a">Estrategia</subfield>
  </datafield>
  <datafield tag="630" ind1=" " ind2=" ">
    <subfield code="a">Gesti&#xF3;n</subfield>
  </datafield>
  <datafield tag="650" ind1=" " ind2=" ">
    <subfield code="a">Gesti&#xF3;n Educativa</subfield>
  </datafield>
  <datafield tag="690" ind1=" " ind2=" ">
    <subfield code="a">Elaborado</subfield>
  </datafield>
  <datafield tag="700" ind1=" " ind2=" ">
    <subfield code="e">asesor</subfield>
    <subfield code="a">Jimini&#xE1;n., Yanet Y.</subfield>
  </datafield>
  <datafield tag="700" ind1=" " ind2=" ">
    <subfield code="e">autor</subfield>
    <subfield code="a">De La Cruz Pe&#xF1;a, Andrea Fel&#xED;cita </subfield>
  </datafield>
  <datafield tag="700" ind1=" " ind2=" ">
    <subfield code="e">autor</subfield>
    <subfield code="a">Guzm&#xE1;n Rosario , Jenniffer </subfield>
  </datafield>
  <datafield tag="901" ind1=" " ind2=" ">
    <subfield code="a">{"1":"De La Cruz Pe&#xF1;a","2":"Guzm&#xE1;n Rosario "}</subfield>
    <subfield code="b">{"1":"Andrea Fel&#xED;cita ","2":"Jenniffer "}</subfield>
  </datafield>
  <datafield tag="902" ind1=" " ind2=" ">
    <subfield code="a">1</subfield>
  </datafield>
  <datafield tag="903" ind1=" " ind2=" ">
    <subfield code="a">{"1":"Jimini&#xE1;n."}</subfield>
    <subfield code="b">{"1":"Yanet Y."}</subfield>
  </datafield>
  <datafield tag="904" ind1=" " ind2=" ">
    <subfield code="a">Mag&#xED;ster en</subfield>
  </datafield>
  <datafield tag="905" ind1=" " ind2=" ">
    <subfield code="a">Gesti&#xF3;n de Centros Educativos</subfield>
  </datafield>
  <datafield tag="906" ind1=" " ind2=" ">
    <subfield code="a">2</subfield>
  </datafield>
  <datafield tag="907" ind1=" " ind2=" ">
    <subfield code="a">NO APLICA</subfield>
  </datafield>
  <datafield tag="908" ind1=" " ind2=" ">
    <subfield code="a">NO APLICA</subfield>
  </datafield>
  <datafield tag="909" ind1=" " ind2=" ">
    <subfield code="a">Universidad Abierta para Adultos (UAPA), Recinto Santiago</subfield>
  </datafield>
  <datafield tag="910" ind1=" " ind2=" ">
    <subfield code="a">NULL</subfield>
    <subfield code="b">NULL</subfield>
  </datafield>
  <datafield tag="911" ind1=" " ind2=" ">
    <subfield code="a">["1"]</subfield>
  </datafield>
  <datafield tag="912" ind1=" " ind2=" ">
    <subfield code="a">NO APLICA</subfield>
  </datafield>
  <datafield tag="913" ind1=" " ind2=" ">
    <subfield code="a">NULL</subfield>
  </datafield>
  <datafield tag="914" ind1=" " ind2=" ">
    <subfield code="a">15 de Mayo de 2014</subfield>
  </datafield>
  <datafield tag="915" ind1=" " ind2=" ">
    <subfield code="a">20/07/15 11:07</subfield>
  </datafield>
  <datafield tag="916" ind1=" " ind2=" ">
    <subfield code="a">NULL</subfield>
  </datafield>
  <datafield tag="917" ind1=" " ind2=" ">
    <subfield code="a">NULL</subfield>
  </datafield>
  <datafield tag="918" ind1=" " ind2=" ">
    <subfield code="a">NO APLICA</subfield>
  </datafield>
  <datafield tag="919" ind1=" " ind2=" ">
    <subfield code="a">["9","29","92","111"]</subfield>
  </datafield>
  <datafield tag="520" ind1=" " ind2=" ">
    <subfield code="a">Esta investigaci&#xF3;n tuvo por objetivo, describir las estrategias para mejorar la gesti&#xF3;n administrativa de los centros de educaci&#xF3;n b&#xE1;sica mediante los Proyectos Educativos de Centro en las escuelas de la Zona Cibao Sur, a&#xF1;o escolar 2004-2005. El dise&#xF1;o, fue de tipo descriptivo, de campo, anal&#xED;tico, no experimental, de recolecci&#xF3;n de datos primarios y secundarios; en el cual se plantearon como objetivo: analizar las dificultades que presentan los directores en la aplicaci&#xF3;n del Proyecto Educativo de Centro en el Nivel B&#xE1;sico de los centros educativos seleccionados. Jim&#xE9;nez, Soto y Abreu.El estudio encontr&#xF3; que m&#xE1;s del 90% de los maestros, posee un perfil pedag&#xF3;gico inadecuado para enfrentar los problemas de las deficiencias que genera el incumplimiento de las funciones &#xA0;de los directores ante sus obligaciones en el proceso de seguimiento del personal docente bajo su cargo, las cuales han sido establecidas previamente en el aspecto funcional del Proyecto Educativo de Centro, y el sistema educativo de la ciudad de Valencia; que posee los niveles infraestructurales adecuados tanto en los niveles f&#xED;sicos, humanos, t&#xE9;cnicos y tecnol&#xF3;gicos para que los directores puedan ejercer sus habilidades de liderazgo ante la gesti&#xF3;n escolar de sus centros educativos.En esas conclusiones, los autores resaltaron el alto nivel de eficiencia y eficacia que posee el Sistema Educativo Espa&#xF1;ol, y espec&#xED;ficamente valenciano, en lo que respecta a sus infraestructuras, lo cual favorece de manera capital a que los facilitadores puedan ejercer sus funciones correspondientes en las instituciones educativas de esa ciudad.El estudio recomend&#xF3; a la direcci&#xF3;n &#xA0;del Centro Educativo Federico Garc&#xED;a Godoy seguir implementado estrategias que permitan mantener la armon&#xED;a y el respecto entre todo el equipo.</subfield>
  </datafield>
  <datafield tag="921" ind1=" " ind2=" ">
    <subfield code="a">11</subfield>
  </datafield>
  <datafield tag="922" ind1=" " ind2=" ">
    <subfield code="a">11</subfield>
  </datafield>
  <datafield tag="923" ind1=" " ind2=" ">
    <subfield code="a">0</subfield>
  </datafield>
  <datafield tag="924" ind1=" " ind2=" ">
    <subfield code="a">NO APLICA</subfield>
  </datafield>
  <datafield tag="942" ind1=" " ind2=" ">
    <subfield code="c">Tesis</subfield>
  </datafield>
  <datafield tag="999" ind1=" " ind2=" ">
    <subfield code="c">4076</subfield>
    <subfield code="d">4076</subfield>
  </datafield>
</record>
